Science Quiz

Random Science or Latin Quiz

Trees of Kentucky by latin name Quiz Stats

 Plays Quiz not verified by Sporcle

Support Sporcle.
Go Orange.
Score 0/90 Timer 15:00
0 Plays Today
Latin name Common name % Correct
Liriodendron tulipiferayellow poplar
96.5%
Acer rubrumred maple
91.2%
Acer saccharumsugar maple
89.5%
Acer nigrumblack maple
86%
Quercus albawhite oak
84.2%
Cornus floridadogwood
78.9%
Acer saccharinumsilver maple
77.2%
Pinus virginianavirginia pine
75.4%
Fagus grandifoliabeech
73.7%
Juglans nigrablack walnut
73.7%
Quercus rubranorthern red oak
70.2%
Ulmus americanaamerican elm
70.2%
Cercis canadensisredbud
68.4%
Quercus shumardiiShumard oak
68.4%
Fraxinus americanawhite ash
68.4%
Fraxinus pennsylvaticagreen ash
68.4%
Nyssa sylvaticablackgum
66.7%
Pinus strobuseastern white pine
64.9%
Liquidambar styracifluasweet gum
64.9%
Sassafras albidumsassafras
64.9%
Castanea dentataamerican chestnut
63.2%
Fraxinus quadrangulatablue ash
63.2%
Celtis occidentalishackberry
61.4%
Quercus macrocarpabur oak
61.4%
Betula nigrariver birch
61.4%
Prunus serotinablack cherry
59.6%
Ilex opacaamerican holly
59.6%
Tsuga canadadensiseastern hemlock
57.9%
Juniperus virginianared cedar
57.9%
Ulmus rubraslippery elm
57.9%
Latin name Common name % Correct
Acer negundobox elder
57.9%
Salix nigrablack willow
57.9%
Ostrya virginianahophornbeam
56.1%
Quercus muehlenbergiichinkapin oak
56.1%
Carya glabrapignut hickory
56.1%
Carya ovatashagbark hickory
56.1%
Robinia pseudoacaciablack locust
56.1%
Magnolia acuminatacucumber tree
56.1%
Quercus velutinablack oak
54.4%
Juglans cinereawhite walnut
54.4%
Quercus palustrispin oak
54.4%
Gymnocladus dioicuskentucky coffee tree
54.4%
Tilia americanabasswood
54.4%
Pinus rigidapitch pine
52.6%
Carya tomentosamockernut hickory
52.6%
Carya illinoinensispecan
52.6%
Aesculus glabraohio buckeye
52.6%
Carpinus carolinianaironwood
50.9%
Quercus coccineascarlet oak
50.9%
Aesculus flavayellow buckeye
50.9%
Asimina trilobapawpaw
50.9%
Populus deltoideseastern cottonwood
50.9%
Populus grandidentatabigtooth aspen
50.9%
Quercus montanachestnut oak
49.1%
Carya laciniosashellbark hickory
49.1%
Hamamelis virginianawitch hazel
49.1%
Platanus occidentalissycamore
49.1%
Quercus falcatasouthern red oak
47.4%
Quercus pagodacherrybark oak
47.4%
Gleditsia triacanthoshoneylocust
47.4%
Latin name Common name % Correct
Magnolia macrophyllabigleaf magnolia
47.4%
Quercus stellatapost oak
45.6%
Quercus phelloswillow oak
45.6%
Morus rubrared mulberry
45.6%
Taxodium distichumbald cypress
43.9%
Magnolia tripetelaumbrella magnolia
43.9%
Betula lentasweet birch
42.1%
Quercus bicolorswamp white oak
42.1%
Pinus echinatashortleaf pine
40.4%
Quercus imbricariashingle oak
35.1%
Carya cordiformisbitternut hickory
35.1%
Carya aquaticawater hickory
35.1%
Magnolia fraseriFraser magnolia
33.3%
Quercus lyrataovercup oak
31.6%
Quercus michauxiiswamp chestnut oak
31.6%
Diospyros virginianapersimmon
31.6%
Cladrastis kentuckeayellowood
29.8%
Amelanchier arboreaserviceberry
29.8%
Ulmus alatawinged elm
29.8%
Gleditsia aquaticawater locust
26.3%
Nyssa aquaticawater tupelo
22.8%
Quercus marilandicablackjack oak
21.1%
Oxydendrum arboreumsourwood
21.1%
Alnus serullatatag alder
17.5%
Celtis laevigatasugar berry
17.5%
Ptelea trifoliatahop tree
17.5%
Ulmus thomasiirock elm
12.3%
Staphylea trifoliabladder nut
12.3%
Viburnum rufidulumrusty blackhaw
10.5%
Planera aquaticawater elm
7%

You're not logged in!

Compare scores with friends on all Sporcle quizzes.
OR
Log In

From the Vault

Fictional Fast Food

by ecnal79

We all know we've wanted to go to at least one of these restaurants at some point.
Remove Ads.
Support Sporcle.
Get the best of Sporcle when you Go Orange. This ad-free experience offers more features, more stats, and more fun while also helping to support Sporcle. Thank you for becoming a member.

Show Comments

Extras

Created Oct 6, 2009ReportNominate
Tags:Latin Quiz, common, Kentucky, tree

Top Quizzes Today


Score Distribution

Your Account Isn't Verified!

In order to create a playlist on Sporcle, you need to verify the email address you used during registration. Go to your Sporcle Settings to finish the process.

Report this User

Report this user for behavior that violates our Community Guidelines.

Details: